000 00403nam a2200169Ia 4500
008 230524s9999 xx 000 0 und d
020 _a0195683269
082 _a658.45
_bKOH
100 _aMeir Kohn
245 0 _aFinancial Institutions and Markets
250 _aIST
260 _aNEW DELHI
_bTMH
_c2009
300 _aXV;1010
500 _aQuantity Number: 5
650 _aManagement
942 _cBK
999 _c43014
_d43014